|
|
|
|
| LEADER |
00000nam a2200000 a 4500 |
| 001 |
vtls011875349 |
| 003 |
SK-MaSNL |
| 005 |
20260302055809.0 |
| 008 |
251112 1701 gw 000 0 lat |
| 015 |
|
|
|a SNBHFA1701
|
| 040 |
|
|
|a SNKHF
|b slo
|c SNKHF
|e AACR2
|
| 041 |
0 |
|
|a lat
|
| 044 |
|
|
|a gw
|c DE
|
| 072 |
|
7 |
|a 61
|x Lekárske vedy. Medicína
|2 konspekt
|
| 080 |
|
|
|a 61
|2 2011
|
| 100 |
1 |
|
|a Wedel, Georg Wolfgang,
|d 1645-1721
|4 aut
|4 ths
|9 359384
|
| 245 |
1 |
0 |
|a Georgii Wolffgangi Wedelii, Hæreditarii In Schwartza, Medicinæ Doctoris, Comitis Palatini Caesarei, Consiliarii Et Archiatri Dvcalis Saxonici, Theoretices Professoris Ordinarii, Facvltatis Medicae h. t. Decani Propempticon Inavgvrale De Pane Dyrrhachino Ivlii Cæsaris
|
| 260 |
|
|
|a Jenae
|b Literis Krebsianis
|c [1701]
|
| 300 |
|
|
|a 8 strán
|c 4°
|
| 500 |
|
|
|a Iniciálka s ornamentálnym pozadím vo voľnom priestore na 4 riadky, kustody, typografické ozdoby
|
| 501 |
|
|
|a Príväzok 22. k: BERGER, Johann Gottfried von. De Angina. Wittebergae : Martin Schultz, 1691. 4°.
|5 SNK IC 144708
|
| 510 |
4 |
|
|a FB Gotha 348730225
|
| 546 |
|
|
|a Latinský jazyk
|b Antikva
|
| 561 |
|
|
|a Z knižnice Učenej spoločnosti malohontskej.
|5 SNK IC 144708/prív.22
|
| 650 |
0 |
7 |
|a medicína
|2 SNKPH
|9 899
|
| 700 |
1 |
|
|a Krebs, Christoph,
|d zomrel 1716
|4 prt
|9 185458
|
| 710 |
2 |
|
|a Učená spoločnosť malohontská
|4 fmo
|9 205374
|
| 710 |
0 |
|
|a Krebs, Christoph (Jena, Nemecko)
|4 prt
|9 185459
|
| 752 |
|
|
|a Nemecko
|d Jena
|
| 852 |
|
|
|a snk
|b Historické fondy
|p IC 144708/prív.22
|
| 958 |
|
|
|a ONDV
|
| 958 |
|
|
|a DD
|
| 999 |
|
|
|c 1118721
|d 1120651
|
| 952 |
|
|
|t MHC 1281, LXXI.
|a SNK
|b SNK
|c SNK_HF
|y PREZ
|7 0
|p 17A1356372
|o snkIC 144708/prív.22
|i snk2019/15702
|8 5
|0 0
|1 0
|4 0
|d 2019-07-04
|l 0
|r 2026-02-24 18:23:49
|w 2026-02-24
|